Así me lo contaron : (Registro nro. 9206)

Detalles MARC
000 -LIDER
fixed length control field 00451nam a22001577a 4500
003 - IDENTIFICACDOR DE NÚMERO DE CONTROL
control field DO-SdBNP
005 - DATE AND TIME OF LATEST TRANSACTION
control field 20171214102333.0
008 - ELEMENTOS DE LONGITUD FIJA
fixed length control field 160314b xxu||||| |||| 00| 0 spa d
040 ## - FUENTE DE CATALOGACIÓN
Agencia que crea de manera original el registro BPMSU
Idioma de catalogación spa
Agencia que realiza la transcripción BPMSU
245 ## - MENCIÓN DE TITULO
Título Así me lo contaron :
Subtítulo un ejercicio de narración oral con niños y niñas del darien
260 ## - PUBLICACIÓN, DISTRIBUCIÓN, ETC. (PIE DE IMPRENTA)
Lugar de publicación, distribución, etc Panama
Nombre del editor, distribuidor, etc. OIM
300 ## - DESCRIPCIÓN FÍSICA
Extensión 33 p. :
Dimensiones 16 cm
942 ## - ADDED ENTRY ELEMENTS (KOHA)
Source of classification or shelving scheme Dewey Decimal Classification
Koha item type Libros
945 ## - INFORMACIÓN DE PROCESAMIENTO LOCAL
Información de procesamiento local inventariado extranjero / DG
956 ## - LOCAL ELECTRONIC LOCATION AND ACCESS (OCLC)
Nombre de host daysi garcia

No hay ítems disponibles.